01894nam a2200361Ia 4500001001200000003000800012006001900020007001500039008004100054010001700095020001500112020001500127020002200142040002100164035002100185050002500206082001700231100002300248245013200271260004300403300001600446490007000462504005100532505048600583533015201069650002901221650002001250655002901270710001701299830007101316856012601387999001901513ebr10135457CaPaEBRm u cr cn|||||||||040816s2005 nyu sb 001 0 eng d z 2004057316 z1403979529 z140396856X z1403968586 (pbk.) aCaPaEBRcCaPaEBR a(OCoLC)56046297214aJZ1305b.J319 2005eb04a327.1/012221 aJackson, Robert H.10aClassical and modern thought on international relationsh[electronic resource] :bfrom anarchy to cosmopolis /cRobert Jackson. aNew York :bPalgrave Macmillan,c2005. axii, 209 p.1 aPalgrave Macmillan series on the history of international thought aIncludes bibliographical references and index.0 aCh. 1. International thought -- Ch. 2. Conversing with Thrasymachus : voices of realism -- Ch. 3. Martin Wight, realism, and the good life -- Ch. 4. Martin Wight's theology of diplomacy -- Ch. 5. Changing faces of sovereignty -- Ch. 6. Knots and tangles of international obligation -- Ch. 7. Jurisprudence for a solidarist world : Richard Falk's Grotian moment -- Ch. 8. Dialogical justice in world affairs -- Ch. 9. Lifting the veil of ignorance : John Rawls's society of peoples. aElectronic reproduction.bPalo Alto, Calif. :cebrary,d2009.nAvailable via World Wide Web.nAccess may be limited to ebrary affiliated libraries. 0aInternational relations. 0aWorld politics. 7aElectronic books.2local2 aebrary, Inc. 0aPalgrave Macmillan series on the history of international thought.40uhttp://site.ebrary.com/lib/rucke/Doc?id=10135457zAn electronic book accessible through the World Wide Web; click to view c187844d187844